|
|
|
|
| LEADER |
00000nta a2200000 i 4500 |
| 001 |
dolg40608 |
| 005 |
20220728125204.0 |
| 008 |
220728s2013 hu om 000 eng d |
| 040 |
|
|
|a BGE Dolgozattár Repozitórium
|b hun
|
| 041 |
|
|
|a en
|
| 100 |
1 |
|
|a Mocsári Dávid
|
| 245 |
1 |
4 |
|a The 2008 global financial crisis and its impact on the british economy and on the british-hungarian economic relations
|c Mocsári Dávid
|h [elektronikus dokumentum]
|
| 260 |
|
|
|c 2013
|
| 695 |
|
|
|a Gazdasági válság 2008
|
| 695 |
|
|
|a Egyesült Királyság
|
| 700 |
1 |
|
|a Nincs adat Nincs adat
|e ths
|
| 856 |
4 |
0 |
|u http://dolgozattar.uni-bge.hu/40608/1/D_16449_ZSYTVS%20-%20Mocs%C3%A1ri%20D%C3%A1vid.pdf
|z Dokumentum-elérés
|